000 00386nam a2200133Ia 4500
008 190216s9999||||xx |||||||||||||| ||und||
100 _a"Jeffrey. Gh, Bassett J, Mendham J And Denney Rc"
245 0 _aTextbook Of Quantitative Chemical Analysis
250 _a5th Ed.
260 _bThe English Language Book Society
_c1939
300 _a877
650 _aChemistry-Chemistry
942 _cBK
999 _c2812
_d2812